[Event "Krasnodar Region-ch U16"]
[Site "Bzhid"]
[Date "2013.03.07"]
[Round "6"]
[White "Blok, Yury"]
[Black "Trubchaninov, Timur"]
[Result "0-1"]
[WhiteElo "1800"]
[BlackElo "2047"]
[PlyCount "142"]
[EventDate "2013.03.02"]
[EventType "swiss"]
[EventRounds "9"]
[EventCountry "RUS"]
[SourceTitle "EXT 2015"]
[Source "ChessBase"]
[SourceDate "2014.11.20"]
[SourceVersion "1"]
[SourceVersionDate "2014.11.20"]
[SourceQuality "1"]

1. d4 Nf6 2. c4 c5 3. d5 b5 4. cxb5 a6 5. bxa6 g6 6. Nc3 Bxa6 7. g3 d6 8. Bg2 Bg7 9. Nf3 0-0 10. 0-0 Qa5 11. Re1 Nbd7 12. e4 Ng4 13. Qc2 Rfb8 14. h3 Nge5 15. Nxe5 Nxe5 16. Bd2 Nd3 17. Reb1 Bd4 18. Be3 Ne5 19. Bf1 Bxe3 20. fxe3 Bc8 21. Kg2 Bd7 22. Ne2 Qb4 23. Nc3 Kg7 24. b3 h5 25. a4 Rc8 26. Na2 Qb6 27. Bc4 Qd8 28. Nc1 h4 29. g4 f5 30. exf5 gxf5 31. Nd3 Ng6 32. gxf5 Bxf5 33. Kh2 Kh6 34. Qd2 Bxd3 35. Bxd3 Ne5 36. Be4 Qh8 37. Rg1 Rg8 38. Qf2 Qf6 39. Qxf6+ exf6 40. Rxg8 Rxg8 41. a5 Rg7 42. a6 Ra7 43. Kg2 Kg5 44. Rf1 Rxa6 45. Rf5+ Kh6 46. Rxf6+ Kg7 47. Rf2 Rb6 48. Bc2 Ra6 49. Be4 Ra3 50. Rb2 Nd7 51. Kf2 Kf6 52. Bd3 Ke5 53. Bc4 Nb6 54. Kf3 Ra1 55. Rc2 Rg1 56. Rg2 Rxg2 57. Kxg2 Ke4 58. Bb5 Kxe3 59. Bc6 Ke4 60. Kf2 Nxd5 61. Bxd5+ Kxd5 62. Kf3 Ke5 63. Kg4 d5 64. Kxh4 Kf4 65. Kh5 d4 66. h4 d3 67. Kg6 d2 68. h5 d1Q 69. h6 Qd7 70. h7 Qd4 71. Kf7 Qh8 0-1

[Event "Krasnodar Region Cup"]
[Site "Krasnodar"]
[Date "2013.01.30"]
[Round "8"]
[White "Blok, Yury"]
[Black "Frolov, Oleg"]
[Result "1-0"]
[WhiteElo "1732"]
[BlackElo "1848"]
[PlyCount "101"]
[EventDate "2013.01.23"]
[EventType "swiss"]
[EventRounds "8"]
[EventCountry "RUS"]
[SourceTitle "EXT 2023"]
[Source "ChessBase"]
[SourceDate "2022.10.05"]
[SourceVersion "1"]
[SourceVersionDate "2022.10.05"]
[SourceQuality "1"]

1. e4 c5 2. c3 Nc6 3. d4 cxd4 4. cxd4 e6 5. d5 Bb4+ 6. Nc3 Nce7 7. Qd4 Bxc3+ 8. bxc3 Nf6 9. c4 b6 10. Bg5 Neg8 11. d6 h6 12. Bd2 Bb7 13. Bd3 Kf8 14. Bc3 Ne8 15. Rc1 Qg5 16. Ne2 Ngf6 17. 0-0 Ng4 18. h3 e5 19. f4 exd4 20. fxg5 dxc3 21. hxg4 Nxd6 22. e5 Be4 23. Bxe4 Nxe4 24. gxh6 Rxh6 25. Nxc3 Nxc3 26. Rxc3 Rc8 27. Rcf3 f6 28. exf6 gxf6 29. Rxf6+ Rxf6 30. Rxf6+ Ke7 31. Rf4 Ke6 32. Kf2 b5 33. cxb5 Rc2+ 34. Kg3 Rxa2 35. g5 Rb2 36. g6 Rxb5 37. Kg4 Rb8 38. Kg5 Ke5 39. g3 d5 40. g7 Rg8 41. Kg6 d4 42. Rf8 Rxg7+ 43. Kxg7 d3 44. g4 Ke4 45. g5 d2 46. Rd8 Ke3 47. g6 Ke2 48. Kf7 d1Q 49. Rxd1 Kxd1 50. g7 Kc2 51. g8Q 1-0

[Event "Krasnodar Region Cup"]
[Site "Krasnodar"]
[Date "2013.01.27"]
[Round "5"]
[White "Ramazanov, Ruslan"]
[Black "Blok, Yury"]
[Result "1/2-1/2"]
[WhiteElo "1752"]
[BlackElo "1732"]
[PlyCount "85"]
[EventDate "2013.01.23"]
[EventType "swiss"]
[EventRounds "8"]
[EventCountry "RUS"]
[SourceTitle "EXT 2023"]
[Source "ChessBase"]
[SourceDate "2022.10.05"]
[SourceVersion "1"]
[SourceVersionDate "2022.10.05"]
[SourceQuality "1"]

1. e4 c5 2. d4 cxd4 3. c3 dxc3 4. Nxc3 Nc6 5. Nf3 e6 6. Bc4 a6 7. 0-0 Qc7 8. Qe2 d6 9. Rd1 Nf6 10. Bf4 Be7 11. e5 dxe5 12. Nxe5 Nxe5 13. Bxe5 Qc6 14. Bxf6 Bxf6 15. Nd5 Be7 16. Bb5 axb5 17. Rac1 Qxd5 18. Rxd5 exd5 19. Re1 Be6 20. Qxb5+ Kf8 21. Qxb7 Rc8 22. a4 h6 23. f4 Re8 24. b4 Kg8 25. f5 Bc8 26. Qxd5 Bc5+ 27. Qxc5 Rxe1+ 28. Kf2 Re8 29. f6 g6 30. h4 h5 31. Qc7 Be6 32. b5 Kh7 33. g4 Rc8 34. Qb7 Rc2+ 35. Ke3 Rhc8 36. gxh5 R8c3+ 37. Kd4 Rc4+ 38. Ke3 R2c3+ 39. Kd2 Rc2+ 40. Ke3 R4c3+ 41. Kd4 Rc4+ 42. Ke3 R4c3+ 43. Kd4 1/2-1/2

[Event "Krasnodar Region Cup"]
[Site "Krasnodar"]
[Date "2013.01.26"]
[Round "4"]
[White "Kontsevik, Georgy"]
[Black "Blok, Yury"]
[Result "1-0"]
[WhiteElo "1937"]
[BlackElo "1732"]
[PlyCount "87"]
[EventDate "2013.01.23"]
[EventType "swiss"]
[EventRounds "8"]
[EventCountry "RUS"]
[SourceTitle "EXT 2023"]
[Source "ChessBase"]
[SourceDate "2022.10.05"]
[SourceVersion "1"]
[SourceVersionDate "2022.10.05"]
[SourceQuality "1"]

1. e4 c5 2. Nf3 Nc6 3. d4 cxd4 4. Nxd4 e5 5. Nb5 a6 6. N5a3 Nf6 7. Bg5 h6 8. Bxf6 Qxf6 9. Nc3 Bc5 10. Qd2 b5 11. Nd5 Qd8 12. c3 d6 13. Nc2 Be6 14. Nce3 Ne7 15. a4 Nxd5 16. Nxd5 bxa4 17. Rxa4 Bc8 18. b4 Bb6 19. Bb5+ Kf8 20. 0-0 Bb7 21. Bc4 h5 22. Rfa1 a5 23. Nxb6 Qxb6 24. bxa5 Qc5 25. Bd5 Bxd5 26. exd5 f6 27. a6 Kf7 28. h3 Rhc8 29. R1a3 Ra7 30. Ra5 Qc7 31. Qd3 g6 32. Qb1 Rb8 33. Rb5 Rba8 34. Rb6 Qc5 35. Qb4 Qxb4 36. cxb4 Ke7 37. b5 Kd7 38. Rc3 h4 39. Rcc6 Ke7 40. Rxd6 Rc8 41. Re6+ Kf7 42. Rxf6+ Kg7 43. Rxg6+ Kh7 44. Rgc6 1-0

[Event "Krasnodar Region Cup"]
[Site "Krasnodar"]
[Date "2013.01.25"]
[Round "3"]
[White "Blok, Yury"]
[Black "Kidanov, Viktor"]
[Result "1-0"]
[WhiteElo "1732"]
[BlackElo "1939"]
[PlyCount "55"]
[EventDate "2013.01.23"]
[EventType "swiss"]
[EventRounds "8"]
[EventCountry "RUS"]
[SourceTitle "EXT 2023"]
[Source "ChessBase"]
[SourceDate "2022.10.05"]
[SourceVersion "1"]
[SourceVersionDate "2022.10.05"]
[SourceQuality "1"]

1. e4 c5 2. c3 e6 3. d4 cxd4 4. cxd4 d5 5. e5 Nc6 6. Nf3 Bb4+ 7. Nc3 h6 8. Bd3 a6 9. a3 Be7 10. Qc2 Bd7 11. 0-0 Rc8 12. Be3 Na5 13. Nd2 b5 14. b4 Nc4 15. Nxc4 dxc4 16. Be2 Bc6 17. f4 g6 18. Rad1 Qb6 19. Bf3 Qb7 20. d5 exd5 21. f5 gxf5 22. Qxf5 Bd7 23. Qh5 Be6 24. Nxd5 Qb8 25. Nf4 Bg5 26. Nxe6 Bxe3+ 27. Kh1 Qa7 28. Bc6+ 1-0

[Event "Krasnodar Summer op"]
[Site "Krasnodar"]
[Date "2012.07.10"]
[Round "1"]
[White "Bondarev, Boris"]
[Black "Blok, Yury"]
[Result "1-0"]
[WhiteElo "2034"]
[BlackElo "1720"]
[PlyCount "31"]
[EventDate "2012.07.10"]
[EventType "swiss"]
[EventRounds "9"]
[EventCountry "RUS"]
[SourceTitle "EXT 2013"]
[Source "ChessBase"]
[SourceDate "2012.11.22"]
[SourceVersion "1"]
[SourceVersionDate "2012.11.22"]
[SourceQuality "1"]

1. e4 e6 2. c4 c5 3. Nc3 Nc6 4. g3 b6 5. Bg2 Bb7 6. Nge2 d6 7. 0-0 a6 8. f4 Qc7 9. f5 Nf6 10. fxe6 fxe6 11. Nf4 Qf7 12. Qb3 Ne5 13. Qxb6 Nxc4 14. Qb3 Na5 15. Qa4+ Nc6 16. e5 1-0